| 000 | 00879cam a22002651 4500 | ||
|---|---|---|---|
| 003 | GSU | ||
| 005 | 20260505082730.0 | ||
| 008 | 750829s1944 maua b 000 0 eng | ||
| 040 |
_aDLC _beng _cGSU _dGSU _erda |
||
| 050 | 0 | 0 |
_aTA545 _bBRE |
| 100 | 1 |
_aBreed, Charles Blaney, _d1875- _eauthor |
|
| 245 | 1 | 0 |
_aSurveying / _cby Charles Breed. |
| 250 | _aSecond edition | ||
| 264 | 4 |
_aNew York : _bJohn Wiley & Sons, _c©1957 |
|
| 300 |
_axvii, 495 pages : _billustrations ; _c19 cm. |
||
| 336 |
_atext _btxt _2rdacontent |
||
| 337 |
_aunmediated _bn _2rdamedia |
||
| 338 |
_avolume _bnc _2rdacarrier |
||
| 500 | _aPages 1 to 495 issued in January 1942 without series title. | ||
| 504 | _aIncludes index. | ||
| 650 | 0 | _aSurveying. | |
| 650 | 0 |
_aSurveying _xPublic lands _zUnited States. |
|
| 710 | 2 | _aUnited States Armed Forces Institute. | |
| 942 |
_2lcc _cBK _hTA545 _kTA _mBRE _n0 |
||
| 999 |
_c2615 _d2615 |
||